|
|
|
|
| LEADER |
00000ny a22000003n 4500 |
| 005 |
20110516130833.0 |
| 008 |
890922c19879999cl fr p s 0 b0eng c |
| 022 |
|
|
|a 0716-5927
|
| 035 |
|
|
|a 5188
|
| 040 |
|
|
|a MnMULS
|d vLex
|
| 041 |
0 |
|
|a engspa
|
| 050 |
0 |
0 |
|a HB1.A1
|b R4
|
| 050 |
0 |
0 |
|a HB1.A1
|b R4
|
| 090 |
|
|
|c 1958
|d 1958
|
| 245 |
3 |
0 |
|a Revista de anl̀isis econm̤ico
|h [Recurso electrn̤ico]
|c Programa de Postgrado en Economaia, ILADES/Georgetown University
|
| 256 |
|
|
|a Servicio en ln̕ea
|
| 260 |
|
|
|a Santiago, Chile :
|b El Programa,
|
| 310 |
|
|
|a Semestral
|
| 506 |
1 |
|
|a Contenido solo disponible en los productos indicados
|d vLex Global
|d vLex Global (Academic Edition, excluding Law Schools)
|d vLex Global (U.S. Academic Edition, excluding Law Schools)
|
| 546 |
|
|
|a English and Spanish
|
| 710 |
2 |
|
|a Programa de Postgrado en Economaia
|
| 740 |
|
|
|a vLex Revista (Servicios en ln̕ea)
|
| 780 |
0 |
0 |
|t Anl̀isis econm̤ico
|
| 843 |
|
|
|a Electrn̤ica. Cerrada
|
| 853 |
|
|
|8 1
|i (year)
|j (month)
|k (day)
|
| 856 |
4 |
0 |
|z Acceso restringido
|u http://vlex.com/account/login_ip?fuente_id=5188
|
| 942 |
|
|
|c REV
|
| 999 |
|
|
|a Economics
|v Periodicals
|